Bienvenue à la Médiathèque de Saint-Andiol
banniere
Accueil Recherche avancée Mon compte
handi1 Rechercher dans le catalogue

Filtre   Mots-clés
  Recherche avancée
 
Lister les dernières nouveautés
 
Lister les livres GROS CARACTERES
 
Lister les périodiques (magazines)

handi1 Pacte du centenaire (Le)

Book Cover
Auteur principal : Christophe Bec
Autres auteurs : Ennio Bufi
Titre : Pacte du centenaire (Le)
Support : Livres
Langue : Francais
Series : Carthago
Genre : Bande dessinée (adultes)
Sujets :
Étiquettes :
Pas de tags
LEADER 00981nam0a2200205 450
001 16868304
010 |a 978-2-7316-8764-4  |b cart.  |d 14,5 € 
100 |a 20181220d2019 u u0frey01 ba 
101 0 |a fre 
102 |a FR 
200 0 |a Pacte du centenaire (Le)  |f scénario Christophe Bec  |g dessin Ennio Bufi 
207 1 |a   
215 |a 1 vol. (56 p.)  |c illustrations en couleur  |d 32 x 24 cm 
330 |a Tomaison. Avant dernier tome. Lors d'un forage sous-marin, des scaphandriers sont attaqués par un mégalodon, l'ancêtre préhistorique du requin. L'océanographe Kim Melville découvre que l'espèce a survécu dans des grottes sous-marines alors qu'on la croyait disparue depuis des millions d'années. Electre 2019 
461 0 |t Carthago  |v 09 
700 0 |a Bec  |b Christophe  |4 70 
701 0 |a Bufi  |b Ennio  |4 440 
900 |a Bande dessinée (adultes) 
901 |a Adultes 
995 |a Médiathèque  |c Médiathèque  |f 00156010466381  |h 00156010466381  |k BDA BEC CAR 9  |o p  |q a  |r az  |e Médiathèque